Public policy and administration : (Record no. 72790)

MARC details
000 -LEADER
fixed length control field 01021nam a22002777a 4500
005 - DATE AND TIME OF LATEST TRANSACTION
control field 2013011008308.0
008 - FIXED-LENGTH DATA ELEMENTS--GENERAL INFORMATION
fixed length control field 130110t xxu||||| |||| 00| 0 eng d
010 ## - LCCN (DPL NO)
LC control number ENG-106530
020 ## - INTERNATIONAL STANDARD BOOK NUMBER
International Standard Book Number 9788121211499
Terms of availability 690.00
035 ## - SYSTEM CONTROL NUMBER
System control number EN-90063
037 ## - SOURCE OF ACQUISITION
Source of stock number/acquisition DBAD/PUB
040 ## - CATALOGING SOURCE
Original cataloging agency Dpl
Language of cataloging Eng
082 ## - DEWEY DECIMAL CLASSIFICATION NUMBER
Classification number 320
100 ## - MAIN ENTRY--PERSONAL NAME
9 (RLIN) 16401
245 ## - TITLE STATEMENT
Title Public policy and administration :
Statement of responsibility, etc edited by Ramesh Kumar Tiwari [and] Aasha Kapur Mehta
Remainder of title formulation, implementation and evaluation /
260 ## - PUBLICATION, DISTRIBUTION, ETC. (IMPRINT)
Place of publication, distribution, etc New Delhi
Name of publisher, distributor, etc Gyan Publishing House
Date of publication, distribution, etc 2012
270 ## - ADDRESS
Address 23 Main Ansari Road, Darya Ganj
City New Delhi
Postal code 110002
Telephone number 23282060,23261060
Electronic mail address books@gyanbooksl.com
Fax number 011-23285914
300 ## - PHYSICAL DESCRIPTION
Extent 275p.
Dimensions 20cm(Hb)
500 ## - GENERAL NOTE
General note includes index
650 ## - SUBJECT ADDED ENTRY--TOPICAL TERM
9 (RLIN) 16402
650 ## - SUBJECT ADDED ENTRY--TOPICAL TERM
9 (RLIN) 16404
700 ## - ADDED ENTRY--PERSONAL NAME
Personal name Tiwari, Ramesh Kumar, ed.
9 (RLIN) 54702
700 ## - ADDED ENTRY--PERSONAL NAME
Personal name Mehta, Aasha Kapur, ed.
9 (RLIN) 54703
942 ## - ADDED ENTRY ELEMENTS (KOHA)
Source of classification or shelving scheme Dewey Decimal Classification
Item type English Books
Call number suffix PUB
Classification part 320
Holdings
Withdrawn status Lost status Source of classification or shelving scheme Damaged status Not for loan Collection code Home library Current library Date acquired Source of acquisition Cost, normal purchase price Total Checkouts Full call number Barcode Date last seen Copy number Cost, replacement price Koha item type
    Dewey Decimal Classification     Non-fiction D.B.Act.Division D.B.Act.Division 10/01/2013 DBAD/PUB 690.00   320 PUB EN-90063 10/01/2013 1 690.00 English Books

© Delhi Public Library
Hit Counter
free hit counter